000 00306nam a22001337a 4500
003 SGT
020 _a978-0-385-33903-2
082 _a302.23
_bT05F
100 _aFIELD, SYD.
245 _aTHE FOUNDATIONS OF SCREENWRITING
260 _aNEW YORK
_bBANTAM DELL
_c2005
300 _a319
942 _2ddc
_cBK
_02
999 _c17072
_d17072